| 000 | 01644cam a2200373 a 4500 | ||
|---|---|---|---|
| 001 | 15151993 | ||
| 005 | 20080729151326.0 | ||
| 008 | 080124s2008 enka b 001 0 eng | ||
| 010 | _a 2008003208 | ||
| 015 |
_aGBA822553 _2bnb |
||
| 016 | 7 |
_a014530778 _2Uk |
|
| 020 | _a9780521694681 (pbk.) | ||
| 020 | _a052169468X (pbk.) | ||
| 035 | _a(OCoLC)ocn191258647 | ||
| 035 | _a(OCoLC)191258647 | ||
| 040 |
_aDLC _cDLC _dYDXCP _dBAKER _dBTCTA _dUKM _dBWK _dC#P _dCDX _dBWX _dDLC |
||
| 050 | 0 | 0 |
_aHG173 _b.B76 2008 |
| 082 | 0 | 0 |
_a332.015195 _222 _bBRO |
| 100 | 1 |
_aBrooks, Chris, _d1971- _93213 |
|
| 245 | 1 | 0 |
_aIntroductory econometrics for finance / _cChris Brooks. |
| 250 | _a2nd ed. | ||
| 260 |
_aCambridge [England] ; _aNew York : _bCambridge University Press, _c2008. |
||
| 300 |
_axxiv, 648 p. : _bill. ; _c25 cm. |
||
| 500 | _aIncludes Index. | ||
| 504 | _aIncludes bibliographical references (p. 629-640) and index. | ||
| 650 | 0 |
_aFinance _xEconometric models. _93214 |
|
| 650 | 0 |
_aEconometrics. _93215 |
|
| 856 | 4 | 2 |
_3Contributor biographical information _uhttp://www.loc.gov/catdir/enhancements/fy0810/2008003208-b.html |
| 856 | 4 | 2 |
_3Publisher description _uhttp://www.loc.gov/catdir/enhancements/fy0810/2008003208-d.html |
| 856 | 4 | 1 |
_3Table of contents only _uhttp://www.loc.gov/catdir/enhancements/fy0810/2008003208-t.html |
| 942 |
_2ddc _cBB |
||
| 999 |
_c11200 _d11200 |
||